Statistics for Countries by First Two Letters and Borders in 30 Seconds

Click here to take the quiz!

General Stats

  • This quiz has been taken 34,513 times
  • The average score is 119 of 157

Answer Stats

country % Correct
Russia
98%
China
98%
France
97%
United States
96%
India
96%
Central African
Republic
96%
Bolivia
95%
Pakistan
95%
North Korea
95%
Brazil
95%
Canada
95%
Argentina
95%
Libya
95%
Sudan
94%
Cameroon
94%
Peru
94%
Saudi Arabia
94%
Niger
94%
Mongolia
94%
Mexico
94%
Kazakhstan
94%
Ukraine
93%
Poland
93%
Myanmar
93%
Germany
93%
Chad
93%
Oman
92%
Nepal
92%
Dem Rep Congo
92%
Afghanistan
92%
Azerbaijan
92%
Belarus
91%
South Sudan
91%
United Arab Emirates
91%
Bhutan
91%
Nigeria
91%
Colombia
90%
Uganda
90%
Zambia
90%
Laos
90%
Malaysia
90%
United Kingdom
90%
Ireland
90%
Algeria
89%
Mali
89%
Norway
88%
Turkey
88%
Switzerland
88%
Finland
88%
Vietnam
88%
Chile
88%
Iran
87%
Venezuela
87%
Morocco
87%
Suriname
87%
Tanzania
87%
Italy
87%
Spain
86%
Mozambique
86%
Congo
86%
South Africa
86%
Paraguay
86%
Indonesia
86%
Armenia
85%
Georgia
85%
Lithuania
84%
Zimbabwe
84%
Austria
84%
Burkina Faso
83%
Namibia
83%
Kyrgyzstan
83%
Angola
82%
Ethiopia
82%
Mauritania
82%
Tajikistan
81%
Eswatini
81%
Botswana
81%
Kenya
81%
Latvia
80%
Guinea
80%
Guyana
80%
Côte d'Ivoire
79%
Somalia
79%
Djibouti
78%
Uruguay
78%
Papua New Guinea
77%
South Korea
77%
Iraq
77%
Brunei
76%
Greece
76%
Burundi
75%
Rwanda
75%
Thailand
75%
Turkmenistan
75%
Kosovo
74%
Lesotho
74%
Serbia
74%
Albania
74%
Belgium
73%
Costa Rica
73%
Netherlands
73%
Syria
73%
Egypt
73%
North Macedonia
72%
Romania
72%
Andorra
72%
Montenegro
72%
Bulgaria
71%
Estonia
70%
Czechia
70%
Hungary
69%
Luxembourg
69%
Denmark
69%
Gabon
68%
Sweden
68%
Jordan
68%
Nicaragua
65%
Tunisia
65%
Liberia
65%
Panama
64%
Bangladesh
64%
Kuwait
64%
Slovakia
64%
Portugal
63%
Senegal
63%
Ecuador
62%
Ghana
62%
Liechtenstein
61%
Sri Lanka
61%
Cambodia
60%
Timor-Leste
60%
Malawi
59%
Guatemala
58%
Moldova
58%
Israel
57%
Croatia
57%
Uzbekistan
54%
Belize
54%
Bosnia and
Herzegovina
53%
Slovenia
53%
Benin
52%
Yemen
51%
San Marino
50%
Honduras
50%
Monaco
47%
Equatorial Guinea
42%
Togo
41%
Guinea-Bissau
40%
Sierra Leone
40%
Eritrea
36%
El Salvador
34%
Vatican City
30%
Gambia
29%
Qatar
28%
Dominican Republic
22%
Haiti
22%
Lebanon
12%

Score Distribution

Percentile by Number Answered

Percent of People with Each Score

Your Score History

You have not taken this quiz